| 000 | 00553nam a2200169 a 4500 | ||
|---|---|---|---|
| 001 | 000026708 | ||
| 005 | 20240305125107.0 | ||
| 008 | 110324s1989 dr 000 p spa d | ||
| 040 |
_aDO-SdBNP _bspa _cBNPHU |
||
| 082 |
_axxxx _bF363c |
||
| 100 | 1 |
_aFernández Spencer, Antonio, _d1922-1995 _922525 |
|
| 245 | 1 | 0 |
_aCuando pasan los soles : _b1989 / _cAntonio Fernández Spencer. |
| 260 |
_aSanto Domingo : _bPublicaciones ONAP, _c1989. |
||
| 300 |
_a83 p. ; _c21 cm. |
||
| 500 | _aIncluye datos biográficos del autor en la contracubierta. | ||
| 049 | _aBNPD | ||
| 999 |
_c26200 _d26200 |
||